Tranh tượng và thần phổ Phật giáo
Sách trình bày sự tiến hoá của biểu tượng phật giáo; Giới thiệu các nhóm tranh tượng và thần phổ Phật giáo: Phật và chư Đại Phật, các vị Bồ Tát Đại từ Đại bi, các vị Minh Vương, năm vị Jinas và Adi Buddha......
Na minha lista:
| Autor principal: | |
|---|---|
| Formato: | Livro |
| Idioma: | Undetermined |
| Publicado em: |
Hà Nội
Mỹ thuật
2005
|
| Assuntos: | |
| Tags: |
Adicionar Tag
Sem tags, seja o primeiro a adicionar uma tag!
|
| Thư viện lưu trữ: | Trung tâm Học liệu Trường Đại học Cần Thơ |
|---|
| LEADER | 00917nam a2200217Ia 4500 | ||
|---|---|---|---|
| 001 | CTU_101020 | ||
| 008 | 210402s9999 xx 000 0 und d | ||
| 020 | |c 75000 | ||
| 082 | |a 294.3 | ||
| 082 | |b F797 | ||
| 100 | |a Frédéric, Louis | ||
| 245 | 0 | |a Tranh tượng và thần phổ Phật giáo | |
| 245 | 0 | |c Louis Frédéric, Phan Quang Định (dịch) | |
| 260 | |a Hà Nội | ||
| 260 | |b Mỹ thuật | ||
| 260 | |c 2005 | ||
| 520 | |a Sách trình bày sự tiến hoá của biểu tượng phật giáo; Giới thiệu các nhóm tranh tượng và thần phổ Phật giáo: Phật và chư Đại Phật, các vị Bồ Tát Đại từ Đại bi, các vị Minh Vương, năm vị Jinas và Adi Buddha... | ||
| 650 | |a Buddhism | ||
| 650 | |x Statue | ||
| 904 | |i Hiếu | ||
| 980 | |a Trung tâm Học liệu Trường Đại học Cần Thơ | ||